UNIONS, EMPLOYERS AND GOVERNMENT (Record no. 10364)

MARC details
000 -LEADER
fixed length control field 00293nam a22001337a 4500
003 - CONTROL NUMBER IDENTIFIER
control field SGT
082 ## - DEWEY DECIMAL CLASSIFICATION NUMBER
Classification number 658,KEN
100 ## - MAIN ENTRY--PERSONAL NAME
Personal name KENNEDY, DUSEN VEN.
245 ## - TITLE STATEMENT
Title UNIONS, EMPLOYERS AND GOVERNMENT
260 ## - PUBLICATION, DISTRIBUTION, ETC. (IMPRINT)
Place of publication, distribution, etc BOMBAY
Name of publisher, distributor, etc MANAKTALAS
Year of Publication 1996
300 ## - PAGE DESCRIPTION
No. of Pages 227
650 ## - SUBJECT ADDED ENTRY--TOPICAL TERM
Topical term or geographic name as entry element MANAGEMENT
942 ## - ADDED ENTRY ELEMENTS (KOHA)
Source of classification or shelving scheme Dewey Decimal Classification
Koha item type Books
Holdings
Withdrawn status Lost status Source of classification or shelving scheme Damaged status Not for loan Collection code Home library Current library Shelving location Date acquired Vendor Name SGTU Full call number Accession No. (Barcode) Date last seen Bill Date Koha item type
    Dewey Decimal Classification   Not For Loan LAW SGT Science & Social Sciences Library SGT Science & Social Sciences Library Reference Book 03/01/2017 DONATE SGTU 658,KEN FL703 03/01/2017 03/01/2017 Books